Beautiful Japan : A photographic study

Gespeichert in:
Bibliographische Detailangaben
Format: Buch
Sprache:Undetermined
Veröffentlicht: The Toindo Co., Ltd.
Tags: Tag hinzufügen
Keine Tags, Fügen Sie den ersten Tag hinzu!
Thư viện lưu trữ: Trung tâm Học liệu Trường Đại học Cần Thơ
LEADER 00359nam a2200133Ia 4500
001 CTU_111482
008 210402s9999 xx 000 0 und d
082 |a 915.2 
082 |b B384 
245 0 |a Beautiful Japan : 
245 2 |b A photographic study 
260 |b The Toindo Co., Ltd. 
904 |i M.Loan 
980 |a Trung tâm Học liệu Trường Đại học Cần Thơ